La France, de A à Z - Statistiques

Statistiques générales
  • Ce quiz a été pris 137 fois
    46 depuis la dernière actualisation
  • Le résultat moyen est 23 sur 26
Statistiques - réponses
Lettre Indice Réponse % Correct
E Monnaie adoptée en 1999 et utilisable à compter de 2002. Euro
97%
F Devise nationale : liberté, égalité, .... Fraternité
97%
H Patrie des droits de l'..... Homme
97%
I Elles peuvent être de Ré, d'Oléron ou de Beauté. Iles
97%
L Musée parisien le plus visité au monde (le ...) Louvre
97%
N Région où se déroula le débarquement du 6 juin 1944. Normandie
97%
A Ancienne colonie française obtenant son indépendance en 1962. Algérie
95%
G Prénom de l'ingénieur à l'origine d'une tour plus que célèbre. Gustave
95%
Q Province canadienne essentiellement francophone. Québec
95%
Z Footballeur français, considéré comme l'un des meilleurs joueurs au monde. Zinedine Zidane
95%
S L'une des deux chambres formant le Parlement. Sénat
92%
M Première femme ayant obtenu le prix Nobel (prénom nom). Marie Curie
90%
O Organisation politico militaire dont la France fait partie depuis sa création en 1949. OTAN
90%
T Fleuron ferroviaire français pouvant atteindre les 320 km/h. TGV
90%
V Célèbre écrivain, auteur entre autres des Misérables ou de Notre Dame de Paris (nom prénom). Victor Hugo
90%
D Ville des Hauts-de-France où se situe l'un des plus grand ports français. Dunkerque
85%
J Andre Le Nôtre fut chargé de la création de ceux de Versailles. Jardins
85%
P Voltaire, Zola ou encore Malraux y sont inhumés. Panthéon
82%
W Région du sud de la Belgique, également francophone. (Merci Sir Alex) Wallonie
82%
X Siècle du règne de François 1er (chiffres romains). XVI
82%
B Le titre d'empereur des Français a été porté par les souverains de cette famille. Bonaparte
77%
K Célèbre marque de bière originaire d'Alsace, la plus consommée de France. Kronenbourg
77%
C Spécialité culinaire régionale du Languedoc, à base de haricot sec et de viande. Cassoulet
74%
Y Département français dont le numéro est 89. Yonne
69%
R Seule ville jumelée avec Paris Rome
67%
U Avec Goscinny, est à l'origine des aventures d'un irréductible gaulois. (Nom) Uderzo
67%
Aucun quiz correspondant
Distribution des résultats
% des personnes avec chaque résultat
Percentile par nombre de réponses
Votre historique - résultats
Vous n’avez pas pris ce quiz depuis la dernière actualisation